[Event "Colombia Tierra de Atletas-B 2020"]
[Site "Medellin"]
[Date "2020.12.15"]
[Round "7.2"]
[White "Escobar Medina, Andres F"]
[Black "Argote Heredia, Valentina"]
[Result "1-0"]
[WhiteElo "2249"]
[BlackElo "2150"]
[Annotator "TA"]
[PlyCount "85"]
[EventDate "2020.12.10"]
[EventType "tourn"]
[EventCountry "COL"]
[SourceTitle "playchess.com"]
[Source "ChessBase"]
[SourceQuality "1"]

{[%evp 10,85,7,-27,0,-14,2,-14,0,0,11,0,0,0,14,0,14,0,0,-9,0,-2,0,-26,-22,-18,-8,-22,0,-2,0,-58,-37,-26,-19,-33,-29,-39,-30,-22,-33,-36,0,0,0,0,0,-13,0,-9,0,-14,0,0,0,0,0,0,0,0,29,-16,0,-98,0,0,0,0,373,361,963,823,29984,29984,29994,29995,29995,29996]} 1. g3 Nf6 2. Bg2 c5 3. Nf3 Nc6 4. O-O g6 5. d3 Bg7 6. Nc3 O-O {A05: Réti Opening: 1 Nf3 Nf6.} 7. Bg5 d6 8. Qd2 Re8 {The position is equal.} 9. e4 Bd7 10. h3 Rb8 11. a4 a6 12. Bh6 {[#]} b5 $146 ({Predecessor:} 12... Bh8 13. Ne2 Nh5 14. c3 Na5 15. Qe3 c4 16. Nf4 Nxf4 17. Bxf4 cxd3 18. e5 Nb3 {1-0 (39) Ilkovic,F (1875)-Hindicky,F (1892) Slovakia 2018}) 13. Bxg7 Kxg7 14. axb5 axb5 15. Nh4 b4 16. Ne2 Qb6 17. f4 c4+ 18. Kh2 cxd3 19. cxd3 Na5 20. Qd1 (20. Rae1 $11) 20... Bb5 21. f5 Nc6 22. Qd2 Ne5 23. fxg6 hxg6 24. d4 Ned7 25. Rf2 Bxe2 26. Rxe2 {Strongly threatening e5.} e5 27. d5 Rh8 28. Rf1 b3 29. Ref2 Qb4 30. Qe3 {Threatens to win with Rxf6!} Qc5 31. Qd2 Qb4 {...Qxd2 is the strong threat.} 32. Qg5 {[%cal Rf2f6]} Rh5 33. Qc1 $36 {[%mdl 2048] White fights for an advantage.} Qc5 34. Qd1 {Black must now prevent Rxf6!} Qe3 35. Rf3 (35. Bf3 $5 {[%cal Rf3h5]} Rxh4 36. gxh4 $16) 35... Qb6 36. Qe2 {[#]} (36. Qc1 $11 {keeps the balance.}) 36... Rhh8 (36... Rc8 $1 $17 {Hoping for ...Rc2.} 37. Qe1 Rh7) 37. Qd2 $11 Rh5 38. Qe1 {And now g4 would win.} Rc8 $2 {[%mdl 8192]} (38... Rf8 $11 {and Black stays safe.}) 39. g4 $18 Rg5 $2 (39... Rh7 40. g5 Ng4+ 41. Kh1 (41. hxg4 Kg8 $18) 41... Kg8) 40. Qd2 Nxg4+ 41. hxg4 {White mates.} Rxg4 42. Rxf7+ {[%mdl 64] [#] Double Attack} Kg8 43. Qh6 {Weighted Error Value: White=0.13/Black=0.56} 1-0

[Event "Colombia Tierra de Atletas-B 2020"]
[Site "Medellin"]
[Date "2020.12.15"]
[Round "7.3"]
[White "Mateus, Alejandro"]
[Black "Hernandez Sanchez, Jairo Andres"]
[Result "0-1"]
[WhiteElo "2353"]
[BlackElo "2394"]
[Annotator "TA"]
[PlyCount "96"]
[EventDate "2020.12.10"]
[EventType "tourn"]
[EventCountry "COL"]
[SourceTitle "playchess.com"]
[Source "ChessBase"]
[SourceQuality "1"]

{[%evp 15,96,20,38,26,39,75,108,54,56,38,48,23,91,79,80,0,2,4,5,7,0,0,0,0,0,-105,-111,-104,-111,-111,-94,-145,-127,-173,-167,-176,-158,-162,-154,-162,-139,-146,-147,-235,-232,-241,-243,-291,-220,-325,-295,-287,-281,-383,-383,-385,-385,-385,-385,-386,-374,-525,-523,-523,-523,-622,-594,-599,-579,-553,-353,-353,-353,-353,-346,-339,-339,-412,-356,-323,-312,-388,-388]} 1. e4 c5 2. Nf3 Nc6 3. d4 cxd4 4. Nxd4 e5 5. Nb5 d6 6. N1c3 a6 7. Na3 b5 8. Nd5 Nge7 9. Bd3 {B32: Sicilian: Löwenthal and Kalashnikov Variations.} Be6 10. c4 Nd4 {[#]} 11. O-O $146 (11. Be3 $16) ({Predecessor:} 11. Nxe7 Bxe7 12. cxb5 axb5 13. Nxb5 Nb3 14. Rb1 Rxa2 15. Nc3 Ra5 16. Bb5+ Rxb5 17. Nxb5 {0-1 (25) Lindholm,J (2040)-Sukhorukov,A (2268) Finland 2017}) 11... bxc4 $1 $14 12. Bxc4 Bxd5 13. exd5 Nef5 (13... g6 $11 {remains equal.}) 14. f4 $16 {Bd3 is the strong threat.} h5 15. fxe5 ({White should play} 15. Nc2 $16) 15... dxe5 $11 {Threatening ...Bc5.} 16. Rxf5 Nxf5 17. Qa4+ Ke7 18. Qc6 {Threatening mate with Bg5+.} Nd6 19. Bxa6 {Hoping for Nc4.} Qe8 20. Qb6 ({Don't go for} 20. Bg5+ $2 f6 $19) (20. Bb7 $11 Qxc6 21. Bxc6) 20... Qb8 $17 {Black keeps a firm grip on the game.} 21. Qxb8 Rxb8 22. b3 Ra8 23. Bf1 ({White should try} 23. Be2) 23... Kf6 {And now ...Nf5 would win.} 24. Nc2 {[#]} Nf5 $1 25. Bc4 Bc5+ 26. Kf1 Nd4 27. Ne1 Ba3 28. Bd2 Rhb8 $36 {[%mdl 2048] White is under strong pressure.} 29. Nd3 (29. Rb1 $17 {is a better defense.}) 29... Bd6 $19 30. b4 Nc2 31. Rd1 Nxb4 32. Nf2 (32. Bxb4 $142 Bxb4 33. Nxb4 Rxb4 34. Bb3) 32... Nc2 ({Don't take} 32... Nxa2 33. Be2) 33. Ne4+ Ke7 34. Rc1 Nd4 35. Bg5+ f6 36. Be3 Rc8 37. Bxd4 exd4 38. Re1 (38. Nf2 $142) 38... Bb4 39. Re2 Kd8 40. Bb3 Rc1+ 41. Kf2 d3 42. Re3 d2 43. Rd3 {[#]} Rxa2 $1 {[%mdl 576] Promotion} 44. Bxa2 {Black must now prevent Bb3.} d1=Q 45. Rxd1 Rxd1 46. Ke2 Rc1 47. Bb3 Ke7 48. Ba4 Bd6 {Weighted Error Value: White=0.31/Black=0.14} 0-1

[Event "Colombia Tierra de Atletas-B 2020"]
[Site "Medellin"]
[Date "2020.12.14"]
[Round "7.4"]
[White "Palencia Morales, Wilson Guillermo"]
[Black "Brizuela Abreu, Ronald Jesus"]
[Result "1/2-1/2"]
[WhiteElo "2340"]
[BlackElo "2361"]
[Annotator "TA"]
[PlyCount "33"]
[EventDate "2020.12.10"]
[EventType "tourn"]
[EventCountry "COL"]
[SourceTitle "playchess.com"]
[Source "ChessBase"]
[SourceQuality "1"]

{[%evp 9,33,-1,28,-13,-14,-8,-14,-10,-27,-37,-11,-13,-10,-2,18,-37,0,-12,0,-14,0,-10,0,0,0,-9]} 1. e4 e6 2. d4 d5 3. exd5 exd5 4. Bd3 Bd6 5. Qe2+ Qe7 (5... Ne7 {is more complex.} 6. Nf3 Nbc6 7. c3 O-O 8. O-O Bf5) 6. Qxe7+ {C01: French: Exchange Variation.} (6. Nc3 {seems wilder.} c6 7. Bd2 Be6 8. O-O-O Nf6 9. f4) 6... Nxe7 7. Ne2 Bf5 8. Bxf5 Nxf5 9. c3 c6 10. Bf4 Bxf4 11. Nxf4 f6 12. f3 ({Better is} 12. g4 $11 Nh4 13. Nd2) 12... Kf7 13. Kf2 {The position is equal.} Nd7 14. Nd2 Rhe8 15. Rhe1 {[#]} Nd6 $146 ({Predecessor:} 15... Rxe1 16. Rxe1 Re8 17. Rxe8 Kxe8 18. Nd3 Nd6 19. Nf1 Kf7 20. Ne3 Nf8 21. Nf4 Ne6 22. Nxe6 Kxe6 {½-½ (30) Sredojevic,I (2376)-Galyas,M (2484) Budapest 2017}) 16. Rxe8 Rxe8 17. Re1 {A rather calm draw.  Weighted Error Value: White=0.17/Black=0.16} 1/2-1/2

[Event "Colombia Tierra de Atletas-B 2020"]
[Site "Medellin"]
[Date "2020.12.15"]
[Round "7.5"]
[White "Malka, Samuel"]
[Black "Soto, Miguel Angel"]
[Result "0-1"]
[WhiteElo "2203"]
[BlackElo "2273"]
[Annotator "TA"]
[PlyCount "110"]
[EventDate "2020.12.10"]
[EventType "tourn"]
[EventCountry "COL"]
[SourceTitle "playchess.com"]
[Source "ChessBase"]
[SourceQuality "1"]

{[%evp 20,110,8,12,15,24,29,43,48,-18,-25,-30,0,-3,-9,-7,55,0,0,-26,0,0,68,0,8,0,8,8,13,11,15,0,0,0,0,-18,0,-167,-164,-173,-191,-181,-184,-180,-181,-185,-164,-553,-535,-568,-299,-298,-276,-372,-341,-409,-275,-1226,-1215,-1154,-1179,-1649,-1091,-1845,-1722,-1679,-1547,-1530,-1056,-903,-968,-1618,-1765,-1787,-1760,-1668,-1339,-1193,-1207,-1827,-1647,-2034,-1948,-4133,-3847,-5065,-2948,-29967,-29968,-29967,-29968,-29968,-29969]} 1. c4 Nf6 2. Nc3 d5 3. cxd5 Nxd5 4. g3 g6 5. Bg2 Nb6 6. Nf3 Bg7 7. O-O O-O 8. d4 Nc6 9. d5 Na5 10. e4 c6 11. Bf4 cxd5 {D76: Fianchetto Grünfeld: Main Line with 7...Nb6.} 12. Nxd5 Nxd5 13. exd5 Bg4 {[#] White is slightly better.} 14. Re1 $146 (14. Rc1 $14 Rc8 15. b3) ({Predecessor:} 14. Rc1 e5 15. dxe6 Bxe6 16. Qxd8 {½-½ (16) Tkachiev,V (2650)-Vachier Lagrave,M (2703) Nimes 2009}) 14... Bxb2 $11 15. Rb1 Bf6 16. Qa4 Bd7 ({Don't go for} 16... Qxd5 $2 17. Ne5 $18) 17. Qb4 Bf5 (17... Rc8 $11) 18. Rbd1 (18. Rbc1 $1 $14) 18... Qb6 19. Qa4 Rac8 {[#] Strongly threatening ...Rc4.} 20. Rc1 Qa6 (20... Rxc1 $11 21. Rxc1 Bb2) 21. Bh6 (21. Bf1 $14 b5 22. Bxb5) 21... b5 $1 {[%cal Rb5a4]} 22. Qa3 Rxc1 23. Rxc1 Rc8 $1 24. Rxc8+ Bxc8 25. d6 exd6 {Threatens to win with ...Nc4.} 26. Qe3 $1 {[%cal Re3e8]} Be6 27. Ng5 Nc4 28. Qf3 $2 {Black keeps a firm grip on the game.} (28. Qf4 $1 $11 Be5 29. Qh4) 28... Bxg5 $19 29. Bxg5 Qxa2 30. Bh6 {Threatening mate with Qa8+.} Qa1+ 31. Bf1 {Intending Qa8+ and mate.} d5 {Hoping for ...Bh3.} 32. Qf4 {[#] White wants to mate with Qb8+.} Qe5 $1 {[%cal Re5f4]} 33. Qh4 $2 (33. Qxe5 {is more resistant.} Nxe5 34. Bxb5) 33... f6 34. Bf4 g5 35. Bxe5 gxh4 36. Bxf6 hxg3 37. hxg3 Bf5 38. Bxc4 $2 (38. Bc3) 38... dxc4 {[%mdl 4096] Endgame KB-KB} 39. Bc3 Kf7 40. Kf1 Ke6 41. Ke2 Kd5 42. Bb4 Kc6 43. Ke3 Kb6 44. Kd4 a5 45. Be7 Bd3 46. Bd8+ Ka6 47. Kc5 b4 48. Bf6 c3 49. Bd4 Kb7 50. f4 Kc8 51. g4 Kd7 52. f5 Ke8 53. g5 Bxf5 {Black mates.} 54. Kb5 Kf7 55. Kxa5 c2 {Weighted Error Value: White=0.94/Black=0.21} 0-1

[Event "Colombia Tierra de Atletas-B 2020"]
[Site "Medellin"]
[Date "2020.12.15"]
[Round "8.1"]
[White "Heredia Serrano, Carla"]
[Black "Morales, Jhon Alexander"]
[Result "0-1"]
[WhiteElo "2114"]
[BlackElo "2400"]
[Annotator "ChessBase"]
[PlyCount "98"]
[EventDate "2020.12.10"]
[EventType "tourn"]
[EventCountry "COL"]
[SourceTitle "playchess.com"]
[Source "ChessBase"]
[SourceQuality "1"]
[TimeControl "40/5400+30:1800+30"]

1. e4 {[%emt 0:09:09]} c5 {[%emt 0:00:00]} 2. Nf3 {[%emt 0:00:09]} d6 {[%emt 0:00:25]} 3. Bb5+ {[%emt 0:00:08]} Nd7 {[%emt 0:00:09]} 4. O-O {[%emt 0:00:20]} a6 {[%emt 0:00:23]} 5. Bd3 {[%emt 0:00:05]} Ngf6 {[%emt 0:00:44]} 6. Re1 {[%emt 0:00:29]} Qc7 {[%emt 0:24:02]} 7. a4 {[%emt 0:00:17]} b6 {[%emt 0:00:28]} 8. c3 {[%emt 0:00:52]} Bb7 {[%emt 0:00:26]} 9. Na3 {[%emt 0:11:26]} e6 {[%emt 0:01:56]} 10. Qe2 {[%emt 0:03:07]} Be7 {[%emt 0:05:30]} 11. Bc2 {[%emt 0:01:04]} Rc8 {[%emt 0:16:35]} 12. d3 {[%emt 0:11:26]} O-O {[%emt 0:04:23]} 13. h3 {[%emt 0:09:36]} Rfe8 {[%emt 0:01:38]} 14. Bf4 {[%emt 0:00:47]} Bf8 {[%emt 0:00:35]} 15. Bh2 {[%emt 0:12:19]} Qb8 {[%emt 0:14:40]} 16. Rac1 {[%emt 0:12:30]} Qa8 {[%emt 0:02:39]} 17. Nb1 {[%emt 0:10:09]} g6 {[%emt 0:07:24]} 18. Nbd2 {[%emt 0:00:30]} e5 {[%emt 0:00:15]} 19. c4 {[%emt 0:00:15]} Nh5 {[%emt 0:01:17]} 20. Nf1 {[%emt 0:03:48]} Bh6 {[%emt 0:01:27]} 21. Ne3 {[%emt 0:00:24]} Nf8 {[%emt 0:00:21]} 22. a5 {[%emt 0:05:38]} b5 {[%emt 0:03:39]} 23. cxb5 {[%emt 0:00:19]} axb5 {[%emt 0:00:05]} 24. Ra1 {[%emt 0:00:48]} Ne6 {[%emt 0:00:59]} 25. Bb3 {[%emt 0:01:11]} Nhf4 {[%emt 0:00:24]} 26. Bxf4 {[%emt 0:01:08]} Nxf4 {[%emt 0:00:07]} 27. Qd1 {[%emt 0:00:25]} Qa6 {[%emt 0:03:30]} 28. Ng4 {[%emt 0:03:20]} Bg7 {[%emt 0:00:20]} 29. Ng5 {[%emt 0:01:17]} c4 {[%emt 0:00:36]} 30. dxc4 {[%emt 0:00:10]} bxc4 {[%emt 0:00:07]} 31. Ba4 {[%emt 0:00:06]} Rf8 {[%emt 0:03:46]} 32. Qc2 {[%emt 0:02:16]} h6 {[%emt 0:01:55]} 33. Nf3 {[%emt 0:00:04]} Rc5 {[%emt 0:00:37]} 34. b4 {[%emt 0:00:51]} cxb3 {[%emt 0:00:10]} 35. Qxb3 {[%emt 0:00:10]} Rxa5 {[%emt 0:01:16]} 36. Nd2 {[%emt 0:00:30]} Nd3 {[%emt 0:00:25]} 37. Reb1 {[%emt 0:00:41]} Nc5 {[%emt 0:00:20]} 38. Qb6 {[%emt 0:00:38]} Rxa4 {[%emt 0:00:16]} 39. Rxa4 {[%emt 0:00:31]} Qxa4 {[%emt 0:00:08]} 40. Qxd6 {[%emt 0:00:00]} Nxe4 {[%emt 0:00:00]} 41. Qd3 {[%emt 0:03:49]} Nxd2 {[%emt 0:01:38]} 42. Rxb7 {[%emt 0:00:08]} Qa1+ {[%emt 0:00:11]} 43. Kh2 {[%emt 0:00:15]} Nf1+ {[%emt 0:00:22]} 44. Kg1 {[%emt 0:00:24]} Nd2+ {[%emt 0:00:50]} 45. Kh2 {[%emt 0:00:05]} Qd4 {[%emt 0:00:24]} 46. Qe2 {[%emt 0:04:53]} Rc8 {[%emt 0:04:03]} 47. Re7 {[%emt 0:04:23]} Rc1 {[%emt 0:02:26]} 48. Re8+ {[%emt 0:01:41]} Kh7 {[%emt 0:00:14]} 49. Nxe5 {[%emt 0:02:51]} Nf1+ {[%emt 0:00:34]} 0-1

[Event "Colombia Tierra de Atletas-B 2020"]
[Site "Medellin"]
[Date "2020.12.15"]
[Round "8.2"]
[White "Brizuela Abreu, Ronald Jesus"]
[Black "Malka, Samuel"]
[Result "1-0"]
[WhiteElo "2361"]
[BlackElo "2203"]
[Annotator "TA"]
[PlyCount "87"]
[EventDate "2020.12.10"]
[EventType "tourn"]
[EventCountry "COL"]
[SourceTitle "playchess.com"]
[Source "ChessBase"]
[SourceQuality "1"]

{[%evp 13,87,17,6,0,32,24,53,-8,-10,-13,12,0,39,23,27,27,69,34,109,101,105,59,131,130,120,122,126,96,131,120,129,129,171,164,151,136,284,262,233,195,302,306,304,288,464,468,973,939,949,933,820,1751,944,3304,3059,3073,1709,1452,2400,2208,2862,12829,12837,12837,12838,12839,12841,12841,12841,12842,12843,12843,12844,12843,12844,12843]} 1. d4 Nf6 2. c4 g6 3. Nc3 Bg7 4. e4 d6 5. f3 O-O 6. Be3 c5 7. dxc5 dxc5 8. Bxc5 {E81: King's Indian: Sämisch: 6th move deviations (including 6 Be3 c6).} Nc6 9. Be3 Qa5 {[#]} 10. Kf2 $146 (10. Qa4 $14) ({Predecessor:} 10. Qa4 Qxa4 11. Nxa4 Rd8 12. Rc1 Nd7 13. Nh3 Nb6 14. Nc3 Bxh3 15. gxh3 Ne5 16. Nd5 {1-0 (57) Bukavshin,I (2622)-Kraus,O (2190) Jerusalem 2015}) 10... Rd8 $11 11. Qa4 Qxa4 (11... Nxe4+ $5 12. fxe4 Bxc3 13. Qxa5 Bxa5 $11) 12. Nxa4 b6 13. Rc1 Nd7 14. Ne2 Bb7 15. Nec3 Nd4 (15... Nde5 $1 $14) 16. Be2 $16 Nc5 17. Rhd1 f5 (17... Nxa4 $14 18. Nxa4 e6) 18. Nxc5 bxc5 19. exf5 gxf5 20. f4 e6 21. Bf3 Bxf3 22. gxf3 Rab8 23. Na4 Rbc8 24. Rd2 Rd6 {Loses the game.} (24... e5 $16) 25. Rcd1 $18 Ra6 26. b3 {[%cal Bb2b3,Bb3a4][%mdl 32] And now Rg1 would win.} Rxa4 (26... Kf7 $142 27. h4 (27. Bxd4 Bxd4+ 28. Kf1 Rg8 $14) 27... h5) 27. bxa4 Rb8 28. Rc1 ({Resist} 28. Bxd4 Bxd4+ 29. Kg3 Rb4 $18) 28... a5 $2 {[#]} (28... Kf7 29. a5 Ke7) 29. Bxd4 {White is clearly winning.} Bxd4+ (29... cxd4 $142 30. c5 Kf7) 30. Rxd4 cxd4 {[%mdl 4096] Endgame KR-KR} 31. c5 Kf7 32. c6 Ke7 33. c7 Rc8 34. Ke2 Kd6 35. Kd3 Kd5 36. Rc2 h5 37. h4 e5 38. fxe5 {[%mdl 64] [#] Overworked Piece} Kxe5 39. Rc5+ Kf4 40. Kxd4 Kg3 41. Ke5 f4 42. Kd6 Kxf3 43. Rxh5 Kg4 44. Rh7 {Weighted Error Value: White=0.15/Black=0.45} 1-0

[Event "Colombia Tierra de Atletas-B 2020"]
[Site "Medellin"]
[Date "2020.12.15"]
[Round "8.3"]
[White "Hernandez Sanchez, Jairo Andres"]
[Black "Palencia Morales, Wilson Guillermo"]
[Result "0-1"]
[WhiteElo "2394"]
[BlackElo "2340"]
[Annotator "TA"]
[PlyCount "96"]
[EventDate "2020.12.10"]
[EventType "tourn"]
[EventCountry "COL"]
[SourceTitle "playchess.com"]
[Source "ChessBase"]
[SourceQuality "1"]

{[%evp 10,96,20,14,10,11,16,0,11,0,5,-6,-5,-15,-15,-20,0,-2,24,-16,0,-3,0,-10,15,-21,-4,0,36,24,28,34,78,66,80,-16,10,-27,0,0,0,0,0,0,15,14,19,9,37,37,32,37,33,39,14,16,13,0,0,0,0,-23,-37,-40,0,-16,0,-92,-15,-29,0,0,0,-41,0,0,0,-181,-189,-312,-312,-282,-267,-281,-193,-277,-283,-283,-259]} 1. e4 e5 2. Nf3 Nc6 3. Bc4 Nf6 4. d3 Bc5 5. O-O d6 6. a4 h6 {C50: Hungarian Defence and Giuoco Pianissimo.} 7. c3 {Strongly threatening b4.} a5 8. Na3 O-O {The position is equal.} 9. Nc2 Ne7 10. d4 exd4 11. cxd4 Bb6 12. Bd3 Ng6 13. Re1 {[#]} Nh5 $146 ({Predecessor:} 13... c6 14. Bd2 Bc7 15. Bc1 Bb6 16. h3 Re8 17. Ra3 d5 18. e5 Ne4 19. Nd2 Ng5 {½-½ (34) Cvak,R (2409)-Henry,D (2036) ICCF email 2018}) 14. Bf1 Re8 15. h3 Bd7 16. g3 Qc8 17. Kh2 Nf6 18. Nd2 h5 19. Bg2 h4 20. Nc4 hxg3+ 21. fxg3 Ba7 22. Ra3 (22. Bg5 $16) 22... Be6 23. d5 Bd7 (23... Bg4 $5 {[%cal Rg4d1]} 24. Qd2 (24. hxg4 $2 Nxg4+ 25. Qxg4 Qxg4 $19) 24... Bd7 $11) 24. Bg5 Bc5 25. Ra1 Nh7 26. Bd2 Ne5 27. Nxe5 Rxe5 28. Bc3 Rg5 29. Rf1 Qe8 30. Nd4 Nf6 31. Nf3 Rh5 {Hoping for ...Ng4+.} 32. Bxf6 gxf6 33. Qc2 Kg7 34. b3 Qe7 35. h4 Rg8 36. Bh3 Bxh3 37. Kxh3 Kf8 38. Kh2 {[#]} (38. g4 $11 Rh6 39. Qd3) 38... Qd7 (38... Rh6 $1 $17 {aiming for ...Rhg6.} 39. Rae1 Rhg6) 39. Rae1 Bb4 {And now ...Qg4 would win.} 40. Re3 Bc5 41. Ree1 Qg4 42. Qg2 Rh6 {White must now prevent ...Rhg6.} 43. Re2 $2 (43. Qh3 $11) 43... Rhg6 $19 44. Ne1 (44. Nd2 {was worth a try.}) 44... Qxg3+ 45. Qxg3 Rxg3 46. Rf3 Bg1+ 47. Kh1 Bd4 48. Rg2 {[#]} R3g4 $1 {Weighted Error Value: White=0.23/Black=0.12} 0-1

[Event "Colombia Tierra de Atletas-B 2020"]
[Site "Medellin"]
[Date "2020.12.15"]
[Round "8.4"]
[White "Argote Heredia, Valentina"]
[Black "Mateus, Alejandro"]
[Result "1/2-1/2"]
[WhiteElo "2150"]
[BlackElo "2353"]
[Annotator "TA"]
[PlyCount "32"]
[EventDate "2020.12.10"]
[EventType "tourn"]
[EventCountry "COL"]
[SourceTitle "playchess.com"]
[Source "ChessBase"]
[SourceQuality "1"]

{[%evp 18,32,19,0,0,0,0,15,27,0,0,0,0,0,20,24,30]} 1. e4 e5 2. Nf3 Nc6 3. Bb5 Nf6 4. O-O Nxe4 5. d4 Nd6 6. Bxc6 dxc6 7. dxe5 Nf5 8. Qxd8+ Kxd8 9. Nc3 Be7 10. Bg5 Bxg5 {C67: Ruy Lopez: Berlin Defence: 4 0-0 Nxe4.} 11. Nxg5 Ke7 12. Rad1 Be6 {[#] The position is equal.} 13. Rd2 $146 ({Predecessor:} 13. g4 Nh4 14. Nxe6 fxe6 15. f4 h5 16. h3 Rad8 17. Ne4 hxg4 18. hxg4 Rxd1 19. Rxd1 {1-0 (40) Jimenez Ruiz,J-Perez Cadenas,C Malaga 2002}) 13... Rad8 14. Rfd1 Rxd2 15. Rxd2 h6 16. Nxe6 Kxe6 {A rather calm draw.  Weighted Error Value: White=0.08/Black=0.05} 1/2-1/2

[Event "Colombia Tierra de Atletas-B 2020"]
[Site "Medellin"]
[Date "2020.12.15"]
[Round "8.5"]
[White "Pazos Gambarrotti, Plinio"]
[Black "Escobar Medina, Andres F"]
[Result "0-1"]
[WhiteElo "2109"]
[BlackElo "2249"]
[Annotator "ChessBase"]
[PlyCount "82"]
[EventDate "2020.12.10"]
[EventType "tourn"]
[EventCountry "COL"]
[SourceTitle "playchess.com"]
[Source "ChessBase"]
[SourceQuality "1"]
[TimeControl "40/5400+30:1800+30"]

1. Nf3 {[%emt 0:00:00]} Nf6 {[%emt 0:04:16]} 2. g3 {[%emt 0:00:00]} c5 {[%emt 0:00:28]} 3. Bg2 {[%emt 0:00:00]} Nc6 {[%emt 0:00:06]} 4. O-O {[%emt 0:00:14]} g6 {[%emt 0:04:22]} 5. c4 {[%emt 0:00:59]} Bg7 {[%emt 0:00:14]} 6. Nc3 {[%emt 0:00:24]} O-O {[%emt 0:00:07]} 7. a3 {[%emt 0:01:19]} d5 {[%emt 0:02:15]} 8. cxd5 {[%emt 0:02:11]} Nxd5 {[%emt 0:00:07]} 9. Qc2 {[%emt 0:00:20]} Nxc3 {[%emt 0:17:25]} 10. bxc3 {[%emt 0:02:24]} Bf5 {[%emt 0:03:38]} 11. e4 {[%emt 0:02:44]} Be6 {[%emt 0:00:39]} 12. d3 {[%emt 0:00:32]} Qa5 {[%emt 0:01:24]} 13. Bd2 {[%emt 0:00:55]} Qa6 {[%emt 0:05:07]} 14. Ng5 {[%emt 0:03:09]} Bd7 {[%emt 0:00:08]} 15. Be3 {[%emt 0:00:36]} b6 {[%emt 0:03:24]} 16. f4 {[%emt 0:01:59]} Rac8 {[%emt 0:01:19]} 17. e5 {[%emt 0:04:47]} Nd4 {[%emt 0:04:44]} 18. cxd4 {[%emt 0:00:47]} cxd4 {[%emt 0:00:03]} 19. Qf2 {[%emt 0:00:13]} dxe3 {[%emt 0:00:04]} 20. Qxe3 {[%emt 0:00:06]} Rc3 {[%emt 0:03:56]} 21. Rad1 {[%emt 0:00:11]} Bf5 {[%emt 0:08:09]} 22. Be4 {[%emt 0:01:28]} Bxe4 {[%emt 0:00:07]} 23. Qxe4 {[%emt 0:00:28]} e6 {[%emt 0:03:44]} 24. g4 {[%emt 0:00:48]} Bh6 {[%emt 0:20:13]} 25. Qd4 {[%emt 0:02:01]} Rxa3 {[%emt 0:05:43]} 26. Ne4 {[%emt 0:00:31]} Qa4 {[%emt 0:00:09]} 27. Qf2 {[%emt 0:00:55]} Bg7 {[%emt 0:01:41]} 28. d4 {[%emt 0:03:23]} Ra2 {[%emt 0:03:25]} 29. Qh4 {[%emt 0:00:19]} Qc6 {[%emt 0:00:54]} 30. Rfe1 {[%emt 0:04:31]} Qd5 {[%emt 0:01:56]} 31. Qg3 {[%emt 0:00:37]} Rc8 {[%emt 0:00:04]} 32. Nf2 {[%emt 0:02:46]} Rcc2 {[%emt 0:00:26]} 33. Rf1 {[%emt 0:00:06]} b5 {[%emt 0:00:36]} 34. f5 {[%emt 0:00:09]} b4 {[%emt 0:00:15]} 35. Qe3 {[%emt 0:01:33]} a5 {[%emt 0:01:15]} 36. Rc1 {[%emt 0:00:12]} b3 {[%emt 0:01:28]} 37. Rxc2 {[%emt 0:00:24]} Rxc2 {[%emt 0:00:02]} 38. fxe6 {[%emt 0:00:15]} Qxe6 {[%emt 0:02:18]} 39. Qe4 {[%emt 0:00:14]} Rc4 {[%emt 0:02:04]} 40. Nd3 {[%emt 0:00:00]} Qb6 {[%emt 0:00:00]} 41. Nc5 {[%emt 0:01:47]} Qxc5 {[%emt 0:00:23]} 0-1

[Event "Colombia Tierra de Atletas-B 2020"]
[Site "Medellin"]
[Date "2020.12.16"]
[Round "9.1"]
[White "Escobar Medina, Andres F"]
[Black "Heredia Serrano, Carla"]
[Result "1-0"]
[WhiteElo "2249"]
[BlackElo "2114"]
[Annotator "TA"]
[PlyCount "55"]
[EventDate "2020.12.10"]
[EventType "tourn"]
[EventCountry "COL"]
[SourceTitle "playchess.com"]
[Source "ChessBase"]
[SourceQuality "1"]

{[%evp 9,55,5,5,5,9,0,8,12,3,0,21,-40,-40,-45,-37,-35,-14,-8,-12,-11,9,7,24,18,76,71,103,68,422,439,433,427,477,446,546,546,634,655,699,694,656,672,987,984,960,885,1333,1303]} 1. e4 c6 2. d4 d5 3. e5 c5 4. Nf3 Nc6 5. c4 cxd4 6. Nxd4 {B12: Caro-Kann: Advance Variation.} e6 7. Nc3 Bb4 8. cxd5 {The position is equal.} Qxd5 {[%mdl 64] [#] Double Attack} 9. Nxc6 bxc6 {[#]} 10. Qf3 $146 (10. Qe2 $11) ({Predecessor:} 10. Qe2 Ne7 11. Bd2 Bxc3 12. Bxc3 a5 13. Rd1 Qxa2 14. Qg4 O-O 15. Bc4 Qa4 16. O-O {½-½ (79) Adams,M (2744)-Jobava,B (2668) Reykjavik 2015}) 10... Qxe5+ 11. Be2 Ne7 12. O-O Bxc3 (12... Nd5 {with more complications.} 13. Nxd5 exd5 14. Bf4 Qf6 15. Qe3+ Qe7) 13. bxc3 {[%cal Bb2c3,Bc3c4][%mdl 32]} O-O 14. Rd1 {With the idea Ba3.} Nd5 15. Bd2 Bb7 16. c4 Nf6 (16... Nb6 $11) 17. Rab1 $16 {[%mdl 1024] White has strong compensation.} Qc7 18. Bg5 Qe7 $2 {[%mdl 8192] [#] This costs Black the game.} ({Black should play} 18... Nd7 $14) 19. Rd3 $18 {White is clearly winning.} Rab8 20. Rdb3 Kh8 21. Qg3 c5 22. Bf3 Rfd8 23. h3 ({Inferior is} 23. Rxb7 Rxb7 24. Bxb7 Qxb7 $15) 23... h6 24. Rxb7 Rxb7 25. Rxb7 Qe8 26. Bxf6 gxf6 27. Qc7 Kg7 28. Bh5 {Weighted Error Value: White=0.09/Black=0.62} 1-0